[Event "Junior Online 4NCL Division 4"]
[Site "online"]
[Date "2020.10.01"]
[Round "4.95"]
[White "Wu, Feitong"]
[Black "Glynne, Jacob"]
[Result "1-0"]
[WhiteElo "1495"]
[BlackElo "800"]
[PlyCount "20"]
[EventDate "2020.10.01"]
[WhiteTeam "Forest Hall Chimaeras"]
[BlackTeam "Tetherdown Knights"]

1. d4 e5 2. e4 exd4 3. Qxd4 c5 4. Qd1 c4 5. Nc3 Bc5 6. Bxc4 Qh4 7. g3 Qf6 8. f4
Nh6 9. Qe2 d5 10. Bxd5 Bg4 1-0

[Event "Junior Online 4NCL Division 4"]
[Site "online"]
[Date "2020.10.01"]
[Round "4.96"]
[White "Murphy, Sam"]
[Black "Johnston, Alexander"]
[Result "0-1"]
[WhiteElo "857"]
[BlackElo "1480"]
[PlyCount "66"]
[EventDate "2020.10.01"]
[WhiteTeam "Tetherdown Knights"]
[BlackTeam "Forest Hall Chimaeras"]

1. d4 e6 2. c4 b6 3. e4 Bb7 4. Nc3 Bb4 5. Bd3 d6 6. d5 exd5 7. exd5 Nd7 8. Qe2+
Qe7 9. Qxe7+ Nxe7 10. Nf3 Nc5 11. Bc2 O-O-O 12. Bg5 f6 13. Be3 g6 14. Bxc5 Bxc5
15. O-O g5 16. Rfe1 Rde8 17. Re2 Ng6 18. Rae1 Rxe2 19. Rxe2 Nf4 20. Bf5+ Kb8
21. Re1 Bc8 22. Bxc8 Kxc8 23. b3 Nd3 24. Rf1 g4 25. Nd2 h5 26. Nb5 Kb7 27. Ne4
Bb4 28. Nxf6 a6 29. Rd1 Nf4 30. Nd4 Rf8 31. Nd7 Rf7 32. g3 Nh3+ 33. Kf1 Rxf2#
0-1

[Event "Junior Online 4NCL Division 4"]
[Site "online"]
[Date "2020.10.01"]
[Round "4.97"]
[White "Wall, Oliver"]
[Black "Cartwright, Ethan"]
[Result "0-1"]
[WhiteElo "1465"]
[BlackElo "800"]
[PlyCount "114"]
[EventDate "2020.10.01"]
[WhiteTeam "Forest Hall Chimaeras"]
[BlackTeam "Tetherdown Knights"]

1. d4 d5 2. c4 e6 3. Nc3 c6 4. a3 Nf6 5. Nf3 Ne4 6. Nxe4 dxe4 7. Ng5 f5 8. Qc2
Qxd4 9. Be3 Qe5 10. Rd1 Qa5+ 11. b4 Qxa3 12. Bc1 Bxb4+ 13. Bd2 Bxd2+ 14. Qxd2
O-O 15. Qf4 Qb4+ 16. Rd2 Rd8 17. g3 Rxd2 18. Qxd2 Qxd2+ 19. Kxd2 h6 20. Nh3 a5
21. Bg2 a4 22. Ra1 a3 23. f3 a2 24. fxe4 fxe4 25. Bxe4 b5 26. cxb5 Ra4 27. Kd3
cxb5 28. Nf4 Ra3+ 29. Kc2 b4 30. Kb2 e5 31. Nd5 Bb7 32. Rxa2 Rxa2+ 33. Kxa2
Bxd5+ 34. Bxd5+ Kf8 35. Kb3 Na6 36. Bc4 Nc7 37. Kxb4 Ke7 38. Kc5 Ne6+ 39. Bxe6
Kxe6 40. g4 g5 41. e4 Ke7 42. Kc4 Kd6 43. Kd3 Ke6 44. Ke3 Kd6 45. Kf3 Kc5 46.
Ke3 Kc4 47. h3 Kc5 48. Kd3 Kb4 49. Ke3 Kc3 50. Ke2 Kd4 51. Kf3 Kd3 52. Kf2 Kxe4
53. Ke2 Kf4 54. Kf2 e4 55. Kg2 Ke3 56. Kf1 Kd2 57. Kg2 e3 0-1

[Event "Junior Online 4NCL Division 4"]
[Site "online"]
[Date "2020.10.01"]
[Round "4.98"]
[White "Newsom, Thomas"]
[Black "Mohindra, Arun"]
[Result "1/2-1/2"]
[WhiteElo "800"]
[BlackElo "1300"]
[PlyCount "110"]
[EventDate "2020.10.01"]
[WhiteTeam "Tetherdown Knights"]
[BlackTeam "Forest Hall Chimaeras"]

1. e4 Nf6 2. Nc3 d5 3. exd5 Nxd5 4. Bb5+ c6 5. Bc4 e6 6. Nf3 Nxc3 7. bxc3 Be7
8. Ne5 Bd6 9. Nf3 O-O 10. d4 e5 11. dxe5 Re8 12. O-O Bg4 13. h3 Bxf3 14. Qxd6
Qxd6 15. exd6 Be4 16. Re1 Nd7 17. Bg5 Bxc2 18. Rxe8+ Rxe8 19. Rc1 Bg6 20. Rd1
Bc2 21. Rd2 Bf5 22. g4 Re1+ 23. Kg2 Be4+ 24. Kg3 Rg1+ 25. Kf4 Bg6 26. Re2 h6
27. Bh4 Rd1 28. Be7 b5 29. Bb3 Rd3 30. Re3 Rxe3 31. Kxe3 c5 32. c4 b4 33. Ba4
Nb6 34. Bc6 Nxc4+ 35. Kf4 Nb6 36. d7 Nxd7 37. Bxd7 c4 38. Ke3 c3 39. Ba4 c2 40.
Bxc2 Bxc2 41. Bxb4 Bg6 42. h4 h5 43. gxh5 Bxh5 44. Kf4 f6 45. a4 Kf7 46. Bc5 a6
47. Ke4 Ke6 48. Kd4 Kd7 49. Kc4 Kc6 50. Kb4 g5 51. hxg5 fxg5 52. a5 g4 53. Kc4
Bf7+ 54. Kb4 Bd5 55. Bd4 Bf3 1/2-1/2

[Event "Junior Online 4NCL Division 4"]
[Site "online"]
[Date "2020.10.01"]
[Round "4.101"]
[White "Ward, Cian"]
[Black "Payne, Luca"]
[Result "1-0"]
[WhiteElo "1465"]
[BlackElo "1007"]
[PlyCount "127"]
[EventDate "2020.10.01"]
[WhiteTeam "JHJ 3"]
[BlackTeam "The Hall 3"]

1. e4 e5 2. Nf3 Nc6 3. d4 exd4 4. Nxd4 Nxd4 5. Qxd4 Nf6 6. e5 Ng8 7. Bc4 d6 8.
O-O Be6 9. exd6 Bxd6 10. Bxe6 fxe6 11. Qxg7 Qf6 12. Qxf6 Nxf6 13. Bg5 Ng4 14.
g3 Rg8 15. Be3 Nxe3 16. fxe3 O-O-O 17. Nc3 Rg7 18. Rad1 Rdg8 19. Ne4 Be5 20. c3
Rg4 21. Nf6 Bxf6 22. Rxf6 Re4 23. Kf2 Re8 24. Kf3 Ra4 25. a3 Ra6 26. Rf7 Rb6
27. b4 Rc6 28. Rd3 e5 29. e4 h6 30. Rf5 b6 31. Ke3 Kb7 32. Kd2 a5 33. Rd5 axb4
34. axb4 Rd6 35. Rxd6 cxd6 36. Rf6 Ra8 37. Rxh6 Ra2+ 38. Kd3 Kc6 39. g4 Rg2 40.
h3 b5 41. Rh5 Kb6 42. g5 Kc7 43. h4 Kd7 44. Rh6 Rg3+ 45. Kc2 Ke7 46. g6 Kf6 47.
h5 Kg7 48. Rh7+ Kg8 49. Rd7 Rh3 50. Rxd6 Rxh5 51. Rb6 Rh4 52. Rxb5 Rxe4 53. Kd3
Rg4 54. Rxe5 Rxg6 55. b5 Kf7 56. Kd4 Rb6 57. c4 Kf6 58. Rd5 Ke6 59. Kc5 Rb7 60.
Kc6 Ra7 61. b6 Ra6 62. Kc7 Ke7 63. b7 Ra7 64. Kc8 1-0

[Event "Junior Online 4NCL Division 4"]
[Site "online"]
[Date "2020.10.01"]
[Round "4.103"]
[White "Mouskos, Mia"]
[Black "Bahl, Arkin"]
[Result "1-0"]
[WhiteElo "1397"]
[BlackElo "1022"]
[PlyCount "25"]
[EventDate "2020.10.01"]
[WhiteTeam "JHJ 3"]
[BlackTeam "The Hall 3"]

1. e4 e5 2. Nf3 Nc6 3. d4 f6 4. dxe5 Nxe5 5. Nxe5 fxe5 6. Qh5+ g6 7. Qxe5+ Ne7
8. Qxh8 g5 9. Qxh7 Nc6 10. Qh5+ Ke7 11. Qxg5+ Ke8 12. Qg6+ Ke7 13. Bg5# 1-0

[Event "Junior Online 4NCL Division 4"]
[Site "online"]
[Date "2020.10.01"]
[Round "4.104"]
[White "Litvin, Theo"]
[Black "Hatem, Mika"]
[Result "1-0"]
[WhiteElo "760"]
[BlackElo "1405"]
[PlyCount "33"]
[EventDate "2020.10.01"]
[WhiteTeam "The Hall 3"]
[BlackTeam "JHJ 3"]

1. e4 e5 2. Nf3 Nc6 3. Bc4 Bc5 4. Nc3 Nf6 5. d3 d6 6. Ng5 O-O 7. Nd5 Bd7 8. O-O
Nxd5 9. Bxd5 h6 10. Qh5 hxg5 11. Bxg5 g6 12. Qxg6+ Kh8 13. Qh6+ Kg8 14. Bxd8
Raxd8 15. Qg6+ Kh8 16. Bxf7 Ne7 17. Qh6# 1-0

[Event "Junior Online 4NCL Division 4"]
[Site "online"]
[Date "2020.10.01"]
[Round "4.105"]
[White "Payne, Luca"]
[Black "Ward, Cian"]
[Result "0-1"]
[WhiteElo "1007"]
[BlackElo "1465"]
[PlyCount "122"]
[EventDate "2020.10.01"]
[WhiteTeam "The Hall 3"]
[BlackTeam "JHJ 3"]

1. e4 e5 2. Nf3 Nc6 3. Bc4 Bc5 4. d3 Nf6 5. Bg5 d6 6. Nc3 Be6 7. Nd5 Bxd5 8.
Bxd5 h6 9. Bxc6+ bxc6 10. Be3 Bxe3 11. fxe3 O-O 12. O-O Rb8 13. b3 Nh7 14. d4
exd4 15. Nxd4 Qd7 16. Nf5 Nf6 17. Nxh6+ gxh6 18. Rxf6 Kg7 19. Rf4 Qe6 20. Qd4+
Qe5 21. Qxe5+ dxe5 22. Rg4+ Kh7 23. Rf1 Rbd8 24. Rg3 Rd6 25. Rgf3 Kg7 26. Rf5
f6 27. Rh5 Kg6 28. Rh4 Rd2 29. Rf2 Rfd8 30. Rg4+ Kf7 31. Rh4 Rxf2 32. Kxf2 Rd2+
33. Kg1 Rxc2 34. Rxh6 Kg7 35. Rh3 Rxa2 36. Rf3 Rb2 37. Rf2 Rxb3 38. Rc2 Rb6 39.
Ra2 a6 40. Rd2 Kg6 41. Rd7 Rb7 42. Rd8 Ra7 43. Rb8 a5 44. Rb3 a4 45. Ra3 c5 46.
Kf2 c4 47. Ke2 Kf7 48. Kd2 Rb7 49. Kc3 Rb3+ 50. Rxb3 cxb3 51. Kb2 c5 52. Kc3 c4
53. Kb2 Ke6 54. h4 f5 55. exf5+ Kxf5 56. e4+ Kg4 57. g3 Kh5 58. Kc3 a3 59. Kxc4
b2 60. Kb3 b1=Q+ 61. Kxa3 Qxe4 0-1

[Event "Junior Online 4NCL Division 4"]
[Site "online"]
[Date "2020.10.01"]
[Round "4.107"]
[White "Bahl, Arkin"]
[Black "Mouskos, Mia"]
[Result "0-1"]
[WhiteElo "1022"]
[BlackElo "1397"]
[PlyCount "56"]
[EventDate "2020.10.01"]
[WhiteTeam "The Hall 3"]
[BlackTeam "JHJ 3"]

1. e4 e6 2. Nf3 d5 3. Nc3 dxe4 4. Nxe4 Nc6 5. Bb5 Qd5 6. Nc3 Qd8 7. Bxc6+ bxc6
8. Ne4 Ba6 9. d3 Bb4+ 10. c3 Be7 11. O-O Nf6 12. Qa4 Bb5 13. Qd4 Bxd3 14. Rd1
Qxd4 15. cxd4 Bxe4 16. Ne5 O-O 17. Re1 Bd5 18. Rd1 c5 19. dxc5 Bxc5 20. Be3
Bxe3 21. fxe3 Rab8 22. Rxd5 exd5 23. Rf1 Rxb2 24. Nd3 Rxa2 25. Nb4 Ra4 26. Rb1
Rb8 27. Rf1 Rbxb4 28. Rc1 Rb7 0-1

[Event "Junior Online 4NCL Division 4"]
[Site "online"]
[Date "2020.10.01"]
[Round "4.108"]
[White "Hatem, Mika"]
[Black "Litvin, Theo"]
[Result "0-1"]
[WhiteElo "1405"]
[BlackElo "760"]
[PlyCount "32"]
[EventDate "2020.10.01"]
[WhiteTeam "JHJ 3"]
[BlackTeam "The Hall 3"]

1. e4 e5 2. Nf3 Nf6 3. Nxe5 Nc6 4. Nxc6 dxc6 5. Nc3 Bc5 6. Bc4 Ng4 7. Qf3 O-O
8. O-O Kh8 9. h3 Ne5 10. Qe2 f5 11. Bb3 f4 12. d3 f3 13. Qd2 fxg2 14. Kxg2 Nf3
15. Qe2 Qh4 16. Nd1 Qxh3# 0-1

[Event "Junior Online 4NCL Division 4"]
[Site "online"]
[Date "2020.10.01"]
[Round "4.111"]
[White "Kota, Ashwath Kumar"]
[Black "Yu, Rock"]
[Result "0-1"]
[WhiteElo "880"]
[BlackElo "1397"]
[PlyCount "114"]
[EventDate "2020.10.01"]
[WhiteTeam "Maidenhead Juniors 2"]
[BlackTeam "JHJ 4"]

1. e4 Nf6 2. e5 Nd5 3. d4 d6 4. e6 Bxe6 5. c4 Nb6 6. d5 Bd7 7. a4 a5 8. b3 Na6
9. Nf3 Bf5 10. Nd4 Bg6 11. Nc3 Nb4 12. Ba3 Nc2+ 13. Nxc2 e5 14. dxe6 fxe6 15.
c5 dxc5 16. Qxd8+ Rxd8 17. Be2 Bxc2 18. Bh5+ g6 19. Rc1 Bxb3 20. Ne4 gxh5 21.
Bxc5 Bxc5 22. Nxc5 Bxa4 23. Nxe6 Rd7 24. Nxc7+ Kd8 25. Ne6+ Ke7 26. Ng7 Rhd8
27. O-O Rd5 28. Rc7+ R8d7 29. Re1+ Kf6 30. Nxh5+ Rxh5 31. Rc3 Rd1 32. Rf3+ Rf5
33. Rxf5+ Kxf5 34. Rxd1 Bxd1 35. Kf1 a4 36. Ke1 Bb3 37. Kd2 a3 38. Kc1 a2 39.
Kb2 Nc4+ 40. Ka1 Na3 41. g4+ Kxg4 42. f3+ Kxf3 43. Kb2 Nc2 44. Kxb3 a1=Q 45.
Kxc2 Qa2+ 46. Kc3 Qxh2 47. Kb4 h5 48. Kb5 h4 49. Kb6 h3 50. Kxb7 Qb2+ 51. Kc6
h2 52. Kd5 h1=R 53. Kc4 Rd1 54. Kc5 Qc2+ 55. Kb4 Rb1+ 56. Ka3 Qb2+ 57. Ka4 Qb4#
0-1

[Event "Junior Online 4NCL Division 4"]
[Site "online"]
[Date "2020.10.01"]
[Round "4.113"]
[White "Tripathi, Advik"]
[Black "Stehlin, Nathan"]
[Result "0-1"]
[WhiteElo "752"]
[BlackElo "1360"]
[PlyCount "70"]
[EventDate "2020.10.01"]
[WhiteTeam "Maidenhead Juniors 2"]
[BlackTeam "JHJ 4"]

1. e4 c5 2. Nf3 e6 3. Nc3 d5 4. exd5 exd5 5. Bb5+ Nc6 6. Bxc6+ bxc6 7. O-O Be7
8. d4 Nf6 9. dxc5 Bxc5 10. Re1+ Be7 11. Bg5 O-O 12. Bxf6 Bxf6 13. Ne5 Bb7 14.
Nf3 Qd6 15. Qe2 Bxc3 16. bxc3 h6 17. Qe7 Qxe7 18. Rxe7 Rab8 19. Ree1 Rfe8 20.
Rxe8+ Rxe8 21. Re1 Rxe1+ 22. Nxe1 Ba6 23. Nf3 g5 24. Ne5 Bb5 25. a4 Bxa4 26.
Nxc6 Bxc6 27. f3 a5 28. g3 a4 29. f4 a3 30. fxg5 hxg5 31. Kf1 a2 32. Ke2 f5 33.
Kd2 Bb5 34. Kc1 a1=Q+ 35. Kd2 Qf1 0-1

[Event "Junior Online 4NCL Division 4"]
[Site "online"]
[Date "2020.10.01"]
[Round "4.114"]
[White "Sharma, Ishaan"]
[Black "Tripathi, Anaya"]
[Result "1-0"]
[WhiteElo "1330"]
[BlackElo "700"]
[PlyCount "143"]
[EventDate "2020.10.01"]
[WhiteTeam "JHJ 4"]
[BlackTeam "Maidenhead Juniors 2"]

1. d4 d6 2. Nf3 d5 3. Bf4 Nc6 4. Nc3 Nf6 5. e3 Bf5 6. Bd3 Qd7 7. O-O e6 8. Bxf5
exf5 9. Re1 O-O-O 10. Qd3 Nb4 11. Qd2 Re8 12. a3 Nc6 13. Qe2 Bd6 14. Bxd6 Qxd6
15. Nb5 Qd7 16. Rac1 a6 17. Nc3 Qd6 18. Ng5 Nxd4 19. Qd3 Ng4 20. f4 Nxe3 21.
Rxe3 Qxf4 22. Rxe8+ Rxe8 23. Nf3 Qxc1+ 24. Kf2 Nxc2 25. Qxf5+ Kb8 26. Kg3 Ne3
27. Qxf7 Qxb2 28. Qxe8+ Ka7 29. Qxe3+ Qb6 30. Qxb6+ Kxb6 31. Nxd5+ Kc5 32. Nxc7
b5 33. Nxa6+ Kb6 34. Nb4 Kc5 35. Ng5 h6 36. Ne6+ Kc4 37. Nxg7 Kb3 38. Nf5 Kxa3
39. Nd5 Kb3 40. Nd4+ Kc4 41. Nxb5 Kxd5 42. Nc7+ Kd6 43. Ne8+ Ke7 44. Ng7 Kf6
45. Nh5+ Kg5 46. Nf4 Kf5 47. h4 Ke4 48. Kg4 Ke5 49. Kh5 Kf6 50. Kxh6 Kf5 51. h5
Kxf4 52. Kg7 Kg5 53. h6 Kh5 54. h7 Kg5 55. h8=Q Kf4 56. Qh4+ Ke5 57. Qf6+ Kd5
58. Qe7 Kd4 59. Qe6 Kd3 60. Kf6 Kd4 61. Kf5 Kc3 62. Qd5 Kb4 63. Ke4 Kc3 64.
Qd4+ Kc2 65. Qd3+ Kb2 66. Kd4 Ka1 67. Kc4 Kb2 68. Kb4 Kc1 69. Qe2 Kb1 70. Qd2
Ka1 71. Kb3 Kb1 72. Qb2# 1-0

[Event "Junior Online 4NCL Division 4"]
[Site "online"]
[Date "2020.10.01"]
[Round "4.115"]
[White "Yu, Rock"]
[Black "Kota, Ashwath Kumar"]
[Result "1-0"]
[WhiteElo "1397"]
[BlackElo "880"]
[PlyCount "71"]
[EventDate "2020.10.01"]
[WhiteTeam "JHJ 4"]
[BlackTeam "Maidenhead Juniors 2"]

1. c4 e6 2. Nc3 d5 3. cxd5 exd5 4. d4 Nc6 5. Bf4 Bf5 6. a3 a6 7. Nf3 Nf6 8. e3
Be7 9. Bd3 Be4 10. Bxe4 dxe4 11. Nd2 O-O 12. Ndxe4 Nxe4 13. Nxe4 Re8 14. O-O
Bxa3 15. Rxa3 Rxe4 16. Qf3 Qd5 17. Rc3 Rd8 18. Rc5 Qe6 19. Bxc7 Rc8 20. Be5
Rxe5 21. dxe5 Nxe5 22. Rxc8+ Qxc8 23. Qd5 Nc4 24. Rc1 b5 25. b3 a5 26. bxc4 a4
27. Qxb5 Qa8 28. Rb1 h6 29. Qb8+ Qxb8 30. Rxb8+ Kh7 31. Ra8 Kg6 32. Rxa4 Kf5
33. c5 Ke5 34. Rd4 f5 35. c6 g5 36. c7 1-0

[Event "Junior Online 4NCL Division 4"]
[Site "online"]
[Date "2020.10.01"]
[Round "4.116"]
[White "Sridhar, Siddarth Iyer"]
[Black "Xu, Tianyou"]
[Result "0-1"]
[WhiteElo "842"]
[BlackElo "1390"]
[PlyCount "82"]
[EventDate "2020.10.01"]
[WhiteTeam "Maidenhead Juniors 2"]
[BlackTeam "JHJ 4"]

1. e4 e5 2. Nf3 Nc6 3. Bc4 Bc5 4. d3 Nf6 5. Ng5 O-O 6. h4 d6 7. Nc3 Ng4 8. Be3
Bxe3 9. fxe3 Qf6 10. Qe2 Nb4 11. Rf1 Qg6 12. O-O-O Nf6 13. Nd5 Nbxd5 14. Bxd5
c6 15. Bb3 Bg4 16. Qf2 Bxd1 17. Kxd1 h6 18. Nf3 a5 19. d4 a4 20. Bc4 b5 21. Bd3
Ng4 22. Qd2 Rad8 23. dxe5 dxe5 24. Re1 c5 25. c4 bxc4 26. Qc3 Rxd3+ 27. Qxd3
cxd3 28. Kd2 Qxe4 29. a3 Nh2 30. Nxh2 Qxg2+ 31. Kxd3 Qxh2 32. Re2 Qxh4 33. Rc2
Rd8+ 34. Ke2 Qh2+ 35. Kf3 Qxc2 36. b4 axb3 37. a4 b2 38. a5 b1=Q 39. a6 Qf1+
40. Kg3 Qcg2+ 41. Kh4 Qfh1# 0-1

[Event "Junior Online 4NCL Division 4"]
[Site "online"]
[Date "2020.10.01"]
[Round "4.117"]
[White "Stehlin, Nathan"]
[Black "Tripathi, Advik"]
[Result "1-0"]
[WhiteElo "1360"]
[BlackElo "752"]
[PlyCount "53"]
[EventDate "2020.10.01"]
[WhiteTeam "JHJ 4"]
[BlackTeam "Maidenhead Juniors 2"]

1. c4 e5 2. e3 Nf6 3. d4 exd4 4. exd4 Nc6 5. Nf3 Bb4+ 6. Nc3 d6 7. a3 Bxc3+ 8.
bxc3 d5 9. Bg5 dxc4 10. Bxc4 Na5 11. Bb5+ Bd7 12. Bxd7+ Qxd7 13. Bxf6 Qf5 14.
Qe2+ Kf8 15. Be5 Nb3 16. Rd1 f6 17. Qb5 Qe4+ 18. Kf1 fxe5 19. Qxb3 Qd3+ 20.
Rxd3 e4 21. Re3 exf3 22. Rxf3+ Ke8 23. Qf7+ Kd8 24. Qd5+ Ke8 25. Qe6+ Kd8 26.
Rf7 Re8 27. Qd7# 1-0

[Event "Junior Online 4NCL Division 4"]
[Site "online"]
[Date "2020.10.01"]
[Round "4.121"]
[White "Chen, George"]
[Black "Warren, Archie"]
[Result "1-0"]
[WhiteElo "1157"]
[BlackElo "1450"]
[PlyCount "83"]
[EventDate "2020.10.01"]
[WhiteTeam "JHJ 7"]
[BlackTeam "Farnham Fantasticos"]

1. e4 c5 2. d4 cxd4 3. c3 d3 4. Bxd3 Nc6 5. c4 Nf6 6. Nf3 g6 7. Nc3 Bg7 8. Bf4
O-O 9. O-O d6 10. Re1 e5 11. Bg3 Qb6 12. b3 Nd4 13. Nxd4 Qxd4 14. Nb5 Qb6 15.
Bc2 Rd8 16. a4 a6 17. Nc3 Be6 18. Qf3 Rac8 19. a5 Qc5 20. Bh4 Qd4 21. Red1 Qc5
22. Bxf6 Bxf6 23. Qxf6 Bg4 24. Re1 Qd4 25. Ne2 Qd2 26. f3 Be6 27. Bb1 Qb2 28.
Bd3 Qd2 29. Rad1 Qxa5 30. f4 Rd7 31. f5 gxf5 32. exf5 Qc5+ 33. Kh1 Re8 34. Qg5+
Kh8 35. fxe6 Rxe6 36. Qh4 f6 37. Bf5 Ree7 38. Bxd7 Rxd7 39. Qxf6+ Rg7 40. Rf1
Qc8 41. Rf3 Qg8 42. Rxd6 1-0

[Event "Junior Online 4NCL Division 4"]
[Site "online"]
[Date "2020.10.01"]
[Round "4.122"]
[White "Warren, Orla"]
[Black "Wang, Luoke"]
[Result "0-1"]
[WhiteElo "1247"]
[BlackElo "1075"]
[PlyCount "96"]
[EventDate "2020.10.01"]
[WhiteTeam "Farnham Fantasticos"]
[BlackTeam "JHJ 7"]

1. d4 Nf6 2. Bf4 g6 3. Nc3 Bg7 4. e4 d6 5. Qd2 O-O 6. O-O-O a6 7. Bh6 b5 8. a3
Bb7 9. Nf3 Nxe4 10. Nxe4 Bxe4 11. Re1 Bb7 12. Bd3 Nd7 13. Bxg7 Kxg7 14. Ng5 h6
15. Nf3 c5 16. dxc5 Nxc5 17. h4 Nxd3+ 18. Qxd3 h5 19. Ng5 Rc8 20. Re2 Qd7 21.
c3 a5 22. Rc2 Rc7 23. c4 Rfc8 24. Rd1 bxc4 25. Qd2 f6 26. Nf3 Bxf3 27. gxf3 Qf5
28. b3 cxb3 29. Rxc7 Rxc7+ 30. Kb2 Rc2+ 31. Kxb3 Rxd2 32. Rxd2 Qxf3+ 33. Kc2
Qxa3 34. Re2 e5 35. f4 a4 36. fxe5 dxe5 37. Rd2 Qb3+ 38. Kc1 a3 39. Rd7+ Kh6
40. Rd2 a2 41. Rxa2 Qxa2 42. Kd1 Kg7 43. Ke1 Kf7 44. Kd1 Ke6 45. Kc1 Kd5 46.
Kd1 Kd4 47. Ke1 Ke3 48. Kd1 Qd2# 0-1

[Event "Junior Online 4NCL Division 4"]
[Site "online"]
[Date "2020.10.01"]
[Round "4.123"]
[White "Bryant, Amelie"]
[Black "Warnock, Oliver"]
[Result "1-0"]
[WhiteElo "970"]
[BlackElo "1255"]
[PlyCount "75"]
[EventDate "2020.10.01"]
[WhiteTeam "JHJ 7"]
[BlackTeam "Farnham Fantasticos"]

1. e4 c5 2. Bc4 Nf6 3. e5 Ne4 4. d3 Qa5+ 5. c3 Nxc3 6. Nxc3 g6 7. Nf3 Bg7 8.
Bd2 Qc7 9. Nd5 Qc6 10. Bb4 cxb4 11. Nd4 Qxd5 12. Bxd5 Bxe5 13. Nb5 Bxb2 14.
Nc7+ Kf8 15. Nxa8 Bc3+ 16. Kf1 e6 17. Bb3 b6 18. Rc1 Bb2 19. Rxc8+ Kg7 20. Rxh8
Kxh8 21. Qb1 Bd4 22. Nc7 Nc6 23. Nb5 f5 24. Nxd4 Nxd4 25. Qb2 e5 26. Qc1 a5 27.
Qc4 Ne6 28. Ke2 Kg7 29. Qc8 Nd4+ 30. Ke3 Kf6 31. Qf8+ Kg5 32. h4+ Kg4 33. Qh6
f4+ 34. Ke4 d5+ 35. Kxe5 Nc6+ 36. Kxd5 Ne7+ 37. Ke6 Nf5 38. Qg5# 1-0

[Event "Junior Online 4NCL Division 4"]
[Site "online"]
[Date "2020.10.01"]
[Round "4.124"]
[White "Cwajna, Harrison"]
[Black "Broachi, Zain"]
[Result "0-1"]
[WhiteElo "977"]
[BlackElo "820"]
[PlyCount "90"]
[EventDate "2020.10.01"]
[WhiteTeam "Farnham Fantasticos"]
[BlackTeam "JHJ 7"]

1. d4 d5 2. c4 Nf6 3. Nc3 dxc4 4. e4 Nc6 5. Bxc4 Nxd4 6. Nf3 Bg4 7. h3 Nxf3+ 8.
gxf3 Qxd1+ 9. Kxd1 Bxf3+ 10. Ke1 Bxh1 11. Ke2 O-O-O 12. Bg5 Nh5 13. Rxh1 Rd7
14. Nd5 e6 15. Nb4 Bxb4 16. a3 Bc5 17. b4 Bd4 18. Kf1 f6 19. Be3 Bxe3 20. fxe3
Rd1+ 21. Ke2 Rxh1 22. Bxe6+ Kd8 23. Bg4 Ng3+ 24. Kf3 Nf1 25. Ke2 f5 26. exf5 h5
27. Bf3 Rf8 28. Bxh1 Ng3+ 29. Kd3 Nxh1 30. e4 g5 31. Kd4 g4 32. hxg4 hxg4 33.
Ke3 g3 34. Kf3 Rg8 35. e5 g2 36. f6 g1=Q 37. f7 Rf8 38. e6 Qg6 39. Kf4 Qxe6 40.
Kf3 Qxf7+ 41. Ke4 Qh5 42. Kd4 Rf4+ 43. Ke3 Qh3+ 44. Ke2 Rf2+ 45. Ke1 Qf1# 0-1

[Event "Junior Online 4NCL Division 4"]
[Site "online"]
[Date "2020.10.01"]
[Round "4.125"]
[White "Warren, Archie"]
[Black "Chen, George"]
[Result "1-0"]
[WhiteElo "1450"]
[BlackElo "1157"]
[PlyCount "149"]
[EventDate "2020.10.01"]
[WhiteTeam "Farnham Fantasticos"]
[BlackTeam "JHJ 7"]

1. d4 d5 2. Bf4 Nc6 3. Nf3 Nf6 4. e3 Bf5 5. c4 e6 6. Qb3 Bxb1 7. Rxb1 Bb4+ 8.
Kd1 Ne4 9. a3 Ba5 10. Qxb7 Ne7 11. b4 Rb8 12. Qa6 Bb6 13. c5 Nc3+ 14. Kc2 Nxb1
15. Kxb1 O-O 16. cxb6 cxb6 17. Qd3 Rc8 18. Be2 a5 19. Qb3 Qd7 20. Ba6 Ra8 21.
b5 Nc8 22. Rc1 Nd6 23. Nd2 Nf5 24. a4 Qe7 25. Rc3 Qf6 26. g3 Qg6 27. Qc2 Qh5
28. h4 Qg4 29. Nb3 Qh3 30. Qc1 Qg2 31. Rc2 Qe4 32. Bb7 Qd3 33. Bxa8 Qxb3+ 34.
Rb2 Qd3+ 35. Rc2 Qb3+ 36. Rb2 Qxa4 37. Bc6 h6 38. Ra2 Qb3+ 39. Rb2 Qd3+ 40. Rc2
a4 41. Qb2 Ne7 42. Bd6 Nxc6 43. Bxf8 Na5 44. Bb4 Nb3 45. Ka2 Qxb5 46. Qb1 g6
47. Ka3 Kg7 48. Qb2 Qa6 49. Rc6 Qa7 50. Qe2 Qb7 51. Qb5 Na1 52. Qxa4 b5 53. Qa6
Qd7 54. Qc8 Qa7+ 55. Ra6 Nc2+ 56. Kb3 Na1+ 57. Kb2 Qxa6 58. Qxa6 Nb3 59. Kxb3
Kf6 60. Qxb5 Kg7 61. Qe2 f6 62. Qf3 Kf7 63. Qf4 g5 64. hxg5 hxg5 65. Qg4 e5 66.
dxe5 fxe5 67. Qf5+ Kg8 68. Qxg5+ Kf7 69. Qxe5 Kg6 70. f4 Kf7 71. f5 Kg8 72.
Qe8+ Kg7 73. Qg6+ Kh8 74. Bc3+ d4 75. Bxd4# 1-0

[Event "Junior Online 4NCL Division 4"]
[Site "online"]
[Date "2020.10.01"]
[Round "4.126"]
[White "Wang, Luoke"]
[Black "Warren, Orla"]
[Result "1-0"]
[WhiteElo "1075"]
[BlackElo "1247"]
[PlyCount "85"]
[EventDate "2020.10.01"]
[WhiteTeam "JHJ 7"]
[BlackTeam "Farnham Fantasticos"]

1. d4 Nf6 2. c4 g6 3. g3 Bg7 4. Bg2 d6 5. Nf3 O-O 6. Nc3 Nc6 7. O-O e5 8. e3
Bg4 9. h3 Bxf3 10. Bxf3 Qd7 11. Bg2 Nb4 12. a3 Nc6 13. b4 exd4 14. exd4 Rfe8
15. b5 Na5 16. Qa4 Nxc4 17. Qxc4 c6 18. bxc6 bxc6 19. Qxc6 Qxc6 20. Bxc6 Rac8
21. Bxe8 Rxe8 22. Be3 Rc8 23. Rfc1 Nd7 24. Nd5 Rxc1+ 25. Rxc1 Nb6 26. Nxb6 axb6
27. Rc6 Bf6 28. Rxd6 Bg7 29. Rxb6 f6 30. a4 Kf7 31. a5 f5 32. Rb7+ Kf6 33. Rxg7
Kxg7 34. a6 Kf6 35. a7 Ke7 36. a8=Q Kf6 37. Qc6+ Kg7 38. d5 Kf7 39. d6 Kf8 40.
d7 Ke7 41. Bg5+ Kf7 42. Qf6+ Kg8 43. d8=Q# 1-0

[Event "Junior Online 4NCL Division 4"]
[Site "online"]
[Date "2020.10.01"]
[Round "4.127"]
[White "Warnock, Oliver"]
[Black "Bryant, Amelie"]
[Result "0-1"]
[WhiteElo "1255"]
[BlackElo "970"]
[PlyCount "56"]
[EventDate "2020.10.01"]
[WhiteTeam "Farnham Fantasticos"]
[BlackTeam "JHJ 7"]

1. d4 e5 2. Nf3 e4 3. Bg5 f6 4. Bxf6 Qxf6 5. Nfd2 Qxd4 6. e3 Qxb2 7. Qh5+ g6 8.
Qg4 Qxa1 9. Qxe4+ Be7 10. Bc4 Nf6 11. Qf3 Nc6 12. O-O d6 13. Ne4 Nxe4 14. Qf7+
Kd8 15. Nd2 Qe5 16. Nf3 Qc5 17. Bd5 Nf6 18. Bxc6 Qxc6 19. Ng5 Bf5 20. Re1 Kd7
21. f3 Rad8 22. e4 Bg4 23. fxg4 Kc8 24. e5 Qc3 25. Rd1 Qe3+ 26. Kh1 Nxg4 27.
exd6 Qe5 28. dxe7 Qxh2# 0-1

[Event "Junior Online 4NCL Division 4"]
[Site "online"]
[Date "2020.10.01"]
[Round "4.128"]
[White "Broachi, Zain"]
[Black "Cwajna, Harrison"]
[Result "0-1"]
[WhiteElo "820"]
[BlackElo "977"]
[PlyCount "56"]
[EventDate "2020.10.01"]
[WhiteTeam "JHJ 7"]
[BlackTeam "Farnham Fantasticos"]

1. e4 c5 2. Nf3 Nc6 3. Bc4 b6 4. Ng5 Bb7 5. Qf3 Qc8 6. Qxf7+ Kd8 7. Qxf8+ Kc7
8. Qf4+ d6 9. Ne6+ Kb8 10. Nxg7 Nf6 11. Be6 Qf8 12. e5 Qxg7 13. exd6 Nh5 14.
d7+ Nxf4 15. d3 Nxe6 16. Bf4+ Nxf4 17. g3 Qxb2 18. O-O Qxa1 19. Nd2 Ne2+ 20.
Kg2 Qc3 21. Ne4 Ncd4 22. f4 Bxe4+ 23. dxe4 Kc7 24. f5 Qxc2 25. f6 exf6 26. Rxf6
Nf4+ 27. Kf1 Qe2+ 28. Kg1 Qg2# 0-1

[Event "Junior Online 4NCL Division 4"]
[Site "online"]
[Date "2020.10.01"]
[Round "4.131"]
[White "Bass, Finn"]
[Black "Bruhn, Johann"]
[Result "0-1"]
[WhiteElo "812"]
[BlackElo "1367"]
[PlyCount "113"]
[EventDate "2020.10.01"]
[WhiteTeam "Rhodes Avenue Rooks"]
[BlackTeam "Barnet Knights C"]

1. e4 d5 2. f3 dxe4 3. fxe4 Nf6 4. Bb5+ c6 5. Bd3 Bg4 6. Nf3 e6 7. h3 Bh5 8. g4
Bg6 9. g5 Nxe4 10. Bxe4 Bxe4 11. Nc3 Bxf3 12. Qxf3 Qxg5 13. d4 Qh4+ 14. Ke2 Nd7
15. Ne4 Be7 16. Qf4 Qxf4 17. Bxf4 Nf6 18. Ng3 O-O 19. Rae1 Rad8 20. Rd1 Nd5 21.
Bc1 Nb4 22. Bd2 Nxc2 23. Ba5 Nxd4+ 24. Ke1 Nf3+ 25. Kf1 Rxd1+ 26. Kg2 Nh4+ 27.
Kh2 Bc5 28. Rxd1 Nf3+ 29. Kg2 Nh4+ 30. Kh2 b6 31. Bd2 Rd8 32. Ne4 Nf3+ 33. Kg2
Nxd2 34. Nxd2 Bb4 35. Rc1 Bxd2 36. Rxc6 e5 37. Rc7 e4 38. Rxa7 e3 39. Kf3 Re8
40. Ke2 Ba5 41. b3 f5 42. Rd7 f4 43. Rd3 f3+ 44. Kxf3 e2 45. Re3 Rxe3+ 46. Kxe3
e1=Q+ 47. Kf4 Qf2+ 48. Ke5 g5 49. Ke6 h5 50. Ke7 g4 51. hxg4 hxg4 52. Ke8 g3
53. Ke7 g2 54. Ke8 g1=Q 55. Ke7 Qc1 56. Ke6 Qd4 57. Ke7 0-1